Normal view
MARC view
Entry Topical Term
001 - CONTROL NUMBER
- control field: 247750
003 - CONTROL NUMBER IDENTIFIER
- control field: OSt
005 - DATE AND TIME OF LATEST TRANSACTION
- control field: 20251205094558.0
008 - FIXED-LENGTH DATA ELEMENTS
- fixed length control field: 251205|| aca||aabn | a|a d
040 ## - CATALOGING SOURCE
- Original cataloging agency: OSt
- Transcribing agency: OSt
150 ## - HEADING--TOPICAL TERM
- Topical term or geographic name entry element: Pure Sciences
670 ## - SOURCE DATA FOUND
- Source citation: Work cat.: (OSt)107732: Samskrita Bharati 247748, Pride of India : a glimpse into India's scientific heritage, 2006